广州轨道交通站名 Guangzhou Rail Transit Stations - Statistics

General Stats
  • This quiz has been taken 396 times
    91 since last reset
  • The average score is 295 of 571
Answer Stats
站名 Station % Correct
西塱
90%
公园前
90%
体育西路
90%
广州东站
90%
广州南站
90%
坑口
88%
花地湾
88%
芳村
88%
黄沙
85%
东山口
85%
杨箕
85%
体育中心
85%
广州火车站
85%
烈士陵园
83%
嘉禾望岗
83%
陈家祠
80%
海珠广场
80%
珠江新城
80%
机场南(1号航站楼)
80%
机场北(2号航站楼)
80%
农讲所
78%
客村
78%
林和西
78%
车陂
78%
滘口
78%
琶洲
78%
番禺
78%
长寿路
76%
西门口
76%
昌岗
76%
越秀公园
76%
飞翔公园
76%
番禺广场
76%
广州塔
76%
天河客运站
76%
人和
76%
高增
76%
万胜围
76%
动物园
76%
猎德
76%
江南西
73%
市二宫
73%
白云文化广场
73%
沥滘
73%
南沙客运港
73%
大学城南
73%
大学城北
73%
中山八
73%
西村
73%
五羊邨
73%
磨碟沙
73%
石壁
71%
三元里
71%
白云公园
71%
海傍
71%
汉溪长隆
71%
华师
71%
燕塘
71%
京溪南方医院
71%
车陂南
71%
小北
71%
员村
71%
鱼珠
71%
浔峰岗
71%
香雪
71%
南村万博
71%
彩虹桥
71%
晓港
71%
中大
71%
广州北站
71%
二沙岛
71%
花都
71%
南浦
68%
江泰路
68%
纪念堂
68%
市桥
68%
大石
68%
大塘
68%
石牌桥
68%
白云大道北
68%
黄村
68%
坦尾
68%
西场
68%
新港东
68%
杨箕东
68%
万顷沙
68%
东晓南
66%
萧岗
66%
厦滘
66%
龙归
66%
淘金
66%
科韵路
66%
黄埔新港
66%
文化公园
66%
赤岗
66%
广州白云站
66%
新塘
66%
冼村
66%
梅花园
63%
永泰
63%
黄阁
63%
黄阁汽车城
63%
石碁
63%
文冲
63%
北京路
63%
东湖
63%
沙河
63%
飞鹅岭
63%
赤沙
63%
天河公园
63%
赤岗塔
63%
东风
63%
增城广场
63%
大剧院
63%
飞霞
63%
黄边
61%
五山
61%
庆盛
61%
新造
61%
区庄
61%
如意坊
61%
植物园
61%
美的大道
61%
美的
61%
陈村
61%
凤凰新村
61%
沙园
61%
东沙
61%
中医药大学
61%
广州体育馆
61%
从化客运站
61%
横沥
61%
陈头岗
61%
林岳西
61%
林岳东
61%
南洲
59%
岗顶
59%
蕉门
59%
官洲
59%
沙河顶
59%
鹭江
59%
中大南门
59%
云台花园
59%
龙潭
59%
新沙
59%
白云东平
59%
镇龙
59%
千灯湖
59%
海心沙
59%
妇儿中心
59%
肇庆
59%
佛山西
59%
会江
56%
东涌
56%
潭村
56%
团一大广场
56%
北滘公园
56%
水西
56%
滘心
56%
宝岗大道
56%
花都汽车城
56%
五凤
56%
华景路
56%
竹料
56%
沙溪
56%
市广路
56%
江夏
54%
傍江
54%
同和
54%
低涌
54%
长湴
54%
萝岗
54%
大洲
54%
谢村
54%
钟村
54%
石潭
54%
花城路
54%
花果山公园
54%
花围
54%
流花
54%
逸景路
54%
乐嘉路
54%
知识城
54%
南浦西
54%
东平
54%
魁奇路
54%
伦教
54%
花城大道
54%
黄埔大道
54%
琶醍
54%
白云机场北(2号航站楼)
54%
洛溪
51%
一德路
51%
陈村北
51%
燕山
51%
清塘
51%
工业大道南
51%
钟落潭
51%
镇龙西
51%
新城东
51%
𧒽岗
51%
鹤洞
51%
清城
51%
广州莲花山
51%
小金口
51%
白云机场南(1号航站楼)
51%
白云机场东(3号航站楼)
51%
石碁南
49%
东圃
49%
沙贝
49%
天平架
49%
龙洞
49%
深井
49%
长洲
49%
清㘵
49%
滨江东路
49%
大金钟路
49%
鹤洞东
49%
燕岗
49%
长平
49%
顺德学院站
49%
佛山大学
49%
体育中心南
49%
会展中
49%
北滘西
49%
东环
49%
东莞西
49%
惠州北
49%
海涌路
46%
三溪
46%
大沙地
46%
大沙东
46%
锦龙
46%
同福西
46%
沙涌
46%
浔峰岗北
46%
新市墟
46%
南海神庙
46%
新和
46%
棠东
46%
大观南路
46%
天河智慧城
46%
南漖
46%
祖庙
46%
金融高新区
46%
菊树
46%
张槎
46%
大良钟楼
46%
天河南
46%
猎德大桥南
46%
会展西
46%
广州长隆
46%
金洲
44%
夏园
44%
保盈大道
44%
横沙
44%
河沙
44%
苏元
44%
员岗
44%
板桥
44%
裕丰围
44%
同德
44%
花都广场
44%
马鞍山公园
44%
龙口西
44%
梓元岗
44%
夏良
44%
赤草
44%
神舟路
44%
龙溪
44%
南庄
44%
花卉世界
44%
顺德欢乐海岸
44%
会展东
44%
花城街
44%
广州大学城
44%
顺德北
44%
西平西
44%
大涌
41%
飞沙角
41%
黄花岗
41%
柯木塱
41%
聚龙
41%
上步
41%
鹅掌坦
41%
华林寺
41%
石围塘
41%
上涌
41%
棠下
41%
镇龙北
41%
世纪莲
41%
镇安
41%
中山公园
41%
佛山西站
41%
南海大学城
41%
地铁香雪
41%
鼎湖山
41%
官桥北
41%
广隆
39%
双沙
39%
夏港
39%
小坪
39%
莲塘
39%
大干围
39%
大冲口
39%
太和
39%
何棠下
39%
科学城
39%
桂城
39%
联和
39%
南风
39%
文翰湖公园(季华实验室)
39%
鼎湖东
39%
狮山
39%
南横
37%
黄陂
37%
科丰路
37%
亭岗
37%
棣园
37%
北山
37%
天河珠村
37%
官湖
37%
马沥
37%
金坑
37%
朱村
37%
澜石
37%
普君北路
37%
石溪
37%
湾华
37%
顺德人民医院
37%
北滘西站
37%
叠滘
37%
琶洲塔
37%
地铁长平
37%
三山新城南
37%
银盏
37%
狮岭
37%
大石东
37%
四会
37%
大旺
37%
云东海
37%
道滘
37%
东城南
37%
松山湖北
37%
庙头
34%
暹岗
34%
石井
34%
赤沙北
34%
红卫
34%
凤岗
34%
顺德一中
34%
东乐路
34%
广教
34%
潭洲会展
34%
亚艺公园
34%
琶洲大桥南
34%
三山新城北
34%
花山镇
34%
常平南
34%
塘坑
32%
西洲
32%
白江
32%
马务
32%
神岗
32%
新南
32%
山田
32%
智慧新城
32%
高村
32%
林岳北
32%
洲心
32%
三水北
32%
狮山北
32%
麻涌
32%
西湖东
32%
姬堂
29%
加庄
29%
太平
29%
旺村
29%
季华园
29%
孝德东
29%
地铁香雪
29%
地铁水西
29%
乐同
29%
常平东
29%
高塘石
27%
金峰
27%
南涌
27%
双岗
27%
南岗
27%
枫下
27%
汤村
27%
钟岗
27%
石湾
27%
沙岗
27%
仙涌
27%
石洲
27%
环市北
27%
荔村
27%
罗村
27%
平西
27%
平南
27%
中区
27%
帽峰山
27%
岑村
27%
端州
27%
寮步
27%
樟木头东
27%
沥林北
27%
惠环
27%
云霄路
24%
中新
24%
同济路
24%
绿岛湖
24%
石梁
24%
岳步
24%
季华六路
24%
夏西
24%
康怡公园
24%
大源
24%
陈江南
24%
云山
24%
化龙南
24%
棠涌
22%
沙村
22%
鹤龙
22%
坑贝
22%
朝安
22%
南桂路
22%
湖涌
22%
大墩
22%
西约
22%
兴业东路
22%
科盛路
22%
博爱中路
22%
夏东
22%
玉器街
22%
燕湖
22%
大朗镇
22%
银瓶
22%
彭边
20%
驹荣北路
20%
北师大实验学校
20%
新丰路
20%
开源大道东
20%
龙塘镇
20%
龙丰
20%
鹤边
17%
登洲
17%
市民广场
17%
香雪公园
17%
华翠路
15%
黄埔图书馆
15%
区少年宫(萝岗)
12%
线坑
12%
会议中心
12%
峻泰路
12%
长岭居小学
12%
干部健康中心
12%
贤江公园
12%
贤江
12%
香雪大道东
12%
羌洞
10%
岭头
10%
岭头东
10%
贤江西
10%
下中路
7%
萝峰
7%
玉岩路
7%
No matching quizzes found
Score Distribution
Percent of People with Each Score
Percentile by Number Answered
Your Score History
You have not taken this quiz since the last reset